00655naa a22001697i 4500001000700000003000900007005001700016008004100033040001300074100003400087245012400121504004100245610004100286650003700327650002400364773009700388232483ES-MaBCM20260225091557.0260225s2026 sp ||||| |||| 00| 0 spa d cES-MaBCM1 aMañas de Orduña, Álvaro13aEl principio ne bis in idem en la jurisprudencia del Tribunal Europeo de Derechos HumanoscÁlvaro Mañas de Orduña aIncluye referencias bibliográficas27aTribunal Europeo de Derechos Humanos 7aPrincipios generales del Derecho 0aDoctrina jurídica0 dLas Rozas, MadridgN. 10892 (25 de febrero de 2026) - Loc. En líneatDiario La Leyw213918